Capitales des Etats Unis au nom Français - Statistiques

Statistiques générales
  • Ce quiz a été pris 23 fois
  • Le résultat moyen est 3 sur 7
Statistiques - réponses
Population Réponse % Correct
227 470 Baton Rouge
70%
8 074 Montpelier
55%
14 091 Pierre
40%
65,132 Cheyenne
30%
214 133 Des Moines
30%
235 684 Boise
25%
32 255 Juneau
25%
Aucun quiz correspondant
Distribution des résultats
% des personnes avec chaque résultat
Percentile par nombre de réponses
Votre historique - résultats
Vous n’avez pas pris ce quiz